Statistics for Flags of Countries in the World Cup of 1966

Click here to take the quiz!

General Stats

  • This quiz has been taken 107 times
  • The average score is 15 of 16

Answer Stats

Answer% Correct
England
99%
Argentina
96%
Portugal
96%
Uruguay
96%
Brazil
95%
Chile
95%
France
95%
Mexico
95%
North Korea
95%
Bulgaria
94%
Italy
94%
Spain
94%
Switzerland
94%
Soviet Union
93%
Hungary
92%
West Germany
92%

Score Distribution

Percentile by Number Answered

Percent of People with Each Score

Your Score History

You have not taken this quiz